Statistics for Champions League 2022-2023 Group Stage

Click here to take the quiz!

General Stats

  • This quiz has been taken 19 times
  • The average score is 25 of 32

Answer Stats

Équipes% Correct
Bayer Leverkusen
100%
FC Barcelona
100%
Liverpool
100%
Manchester City
100%
Real Madrid
100%
Bayern Munich
94%
Inter Milan
94%
PSG
94%
Tottenham
94%
Borussia Dortmund
89%
Chelsea
89%
Naples
89%
AC Milan
83%
Benfica
83%
Juventus
83%
OM
83%
Ajax Amsterdam
78%
Atletico Madrid
78%
Sporting CP
78%
Eintracht Frankfurt
72%
Porto
72%
RB Leipzig
72%
Celtic Glasgow
67%
FC Sevilla
67%
Club Brugge
61%
Glasgow Rangers
61%
Maccabi Haïfa
61%
RB Salzburg
61%
Viktoria Plzen
56%
Shakhtar Donetsk
50%
Copenhagen
39%
Dinamo Zagreb
33%

Score Distribution

Percentile by Number Answered

Percent of People with Each Score

Your Score History

You have not taken this quiz